| 000 | 01500nam a22003737a 4500 | ||
|---|---|---|---|
| 003 | CHAP | ||
| 005 | 20220329140748.0 | ||
| 008 | 971013s1980 r 10010 d | ||
| 010 | _a57219 | ||
| 011 | _a58191 | ||
| 035 | _a62346 | ||
| 040 | _cCHAP | ||
| 082 |
_a631.585 _bS95 |
||
| 111 | 0 | 0 |
_aSymposium on Research on Recirculating Water Culture. ( _d1979 _c: Littlehampon, England) _9111076 |
| 245 | _aProceedings | ||
| 260 |
_aWageningen : _bInternational Society for Horticultural Science, _c1980 |
||
| 300 |
_a332 p. _b; gráfs. |
||
| 490 |
_aActa Horticulturae _v; 98 |
||
| 590 |
_aBATCH-UPD _b10 _c20130110 _lUCH01 _h0552 |
||
| 590 |
_aBATCH-UPD _b10 _c20130913 _lUCH01 _h1919 |
||
| 590 |
_aCONVERSION _b10 _c20130109 _lUCH01 _h1331 |
||
| 650 | 1 | 4 |
_aHidroponía. _955280 |
| 830 | 0 |
_aActa Horticulturae _v; 98 _9739 |
|
| 852 | 2 | _yISSUE | |
| 901 | _aBK | ||
| 942 | _cLIBRO | ||
| 949 |
_a631.585 S95 _bBC _cLIBRO _d33724000161253 _eLIBRO _fc.5 _h56130 _i62346 _si _t750.00 |
||
| 949 |
_a631.585 S95 _bBC _cLIBRO _d33724000161261 _eLIBRO _fc.4 _i62346 _si _t750.00 |
||
| 949 |
_a631.585 S95 _bBC _cLIBRO _d33724000161279 _eLIBRO _fc.3 _i62346 _si _t750.00 |
||
| 949 |
_a631.585 S95 _bBC _cLIBRO _d33724000161287 _eLIBRO _fc.2 _i62346 _si _t750.00 |
||
| 949 |
_a631.585 S95 _bBC _cLIBRO _d33724000162699 _eLIBRO _fc.7 _h58999 _i62346 _si _t750.00 |
||
| 949 |
_a631.585 S95 _bBC _cLIBRO _d33724000162707 _eLIBRO _fc.6 _h56131 _i62346 _si _t750.00 |
||
| 949 |
_bBC _cPS _d-133669 _ePS _i62346 _si _t750.00 |
||
| 999 |
_c57219 _d57219 |
||